| 000 | 01063nmm a2200313 a 4500 | ||
|---|---|---|---|
| 001 | ocm0001916895 | ||
| 003 | TR-IsHL | ||
| 005 | 20201028172917.0 | ||
| 008 | 180714s2017 tu tur | ||
| 007 | cr cn | ||
| 020 | _a9786052137093 | ||
| 035 |
_a1916895 _b(N$T) |
||
| 050 | 0 | 4 |
_aPJ6115 _b.S46 2017 |
| 090 | 0 | 4 |
_aPJ6115 _b.S46 2017 |
| 100 | 1 | _aEssemman, Bekri | |
| 245 | 1 | 0 |
_aAkıcı Arapça konuşman için 30 adım _h[electronic resource] / _cBekri Essemman |
| 250 | _aBirinci basım | ||
| 260 |
_aİstanbul : _bHiperlink Yayınları, _c2017 |
||
| 300 | _a188 p. | ||
| 500 |
_aDizin var. _x |
||
| 650 | 4 | _aDil ve Edebiyat | |
| 650 | 4 | _aLanguage and Literature | |
| 650 | 0 |
_aArap dili _x Konuşma ve deyim kitapları |
|
| 650 | 0 |
_aArabic language _x Conversation and phrase books |
|
| 650 | 0 |
_aArap dili _x Konuşma Arapçası |
|
| 650 | 0 |
_aArabic language _x Spoken Arabic |
|
| 650 | 7 |
_aFOREIGN LANGUAGE STUDY / Arabic _2bisacsh |
|
| 856 | 4 | 0 | _uhttp://search.ebscohost.com/login.aspx?direct=true&scope=site&db=e011xww&AN=1916895 |
| 999 |
_c17436 _d17436 |
||